| 000 | 00553nam a22001817a 4500 | ||
|---|---|---|---|
| 005 | 20251108165851.0 | ||
| 008 | 250721s9999 xx 000 0 ara d | ||
| 082 | 1 | 4 | _aم/621.38103/امي |
| 100 | 1 | _aفهمي، أمين | |
| 245 | 1 | 0 | _aموسوعة المصطلحات الإلكترونية / |
| 264 | 1 |
_aبيروت : _bدار الراتب الجامعية، _c[19-]. |
|
| 300 | _a229ص | ||
| 650 | 1 | 7 | _aالهندسة الإلكترونية |
| 650 | 1 | 7 | _aالموسوعات |
| 650 | 1 | 7 | _aالمصطلحات |
| 942 |
_2ddc _cREF |
||
| 999 |
_c33373 _d33373 |
||